Oasis Lyrics - Statistics

General Stats
  • This quiz has been taken 1,019 times
  • The average score is 8 of 15
Answer Stats
Hint Answer % Correct
Because maybe you're gonna be the one that _____ me Saves
94%
Slip inside the eye of your mind, don't you know you might find, a better place to _____ Play
90%
As he faced the sun he cast no ________ Shadow
86%
Take what you need, and be on your way, and stop _____ your heart out Crying
83%
Get off your ____ _____ lady, I don't need a ride tonight High Horse
55%
Some might say that we should never ____ on our thoughts today cause they might sway over time Ponder
55%
While we're living, the _____ we have as children fade away Dreams
54%
Life is hit and miss, and this, I hope I think I ____ Know
53%
You better get on your knees and pray; ____ is on the way Panic
49%
Come on, Baby Blue, shake up your tired ____, the world is waiting on you Eyes
46%
Sail them home with ______ on a ship of hope today Aquiesce
34%
Comfort me and set me free, lift me up and take me where I _____ Stand
34%
Gold and Silver and _______ is rising up Sunshine
18%
So come on, shake a _____ baby Ragdoll
12%
I can sing to the trees, _____ on harmonies for free Tarzan
3%
No matching quizzes found
Score Distribution
Percent of People with Each Score
Percentile by Number Answered
Your Score History
You have not taken this quiz